000 00330 a2200157 4500
001 61750
020 _a
040 _cAnchieta - Pituba
240 1 0 _aCaderno 07 - Revisão
_lpor
245 1 0 _aCaderno 07 - Revisão
300 _a
362 0 _a2013
440 1 _aColégio Anchieta
650 4 _aEnsino superior
942 _cBK
999 _c61750
_d61750